My Top 500 Most Played Songs - Guess the Artist - Statistics

General Stats
  • This quiz has been taken 46 times
  • The average score is 174 of 500
Answer Stats
Song Title Artist % Correct
...Ready For It? | 22 | Afterglow | +73 others Taylor Swift
82%
bad guy | bellyache | bury a friend | +5 others Billie Eilish
77%
Ghost | Sorry | What Do You Mean? Justin Bieber
68%
Espresso | Nonsense | Read your Mind | Taste Sabrina Carpenter
68%
24k Magic Bruno Mars
66%
Rain on Me Lady Gaga & Ariana Grande
66%
Kiss and Make Up Dua Lipa & BLACKPINK
64%
After Midnight | Femininomenon | Good Luck, Babe! | +4 others Chappell Roan
61%
One Last Time | Side to Side | fake smile Ariana Grande
59%
Levitating | New Rules Dua Lipa
59%
Closer | Roses The Chainsmokers
59%
Hello Adele
57%
Butter | Dynamite BTS
55%
Bad Thing Twice | Boy Problems | Call Me Maybe | +28 others Carly Rae Jepsen
55%
I Like It Cardi B, Bad Bunny, & J Balvin
52%
Cheap Thrills Sia
50%
Pompeii Bastille
48%
Eastside benny blanco, Halsey, & Khalid
48%
Bodak Yellow Cardi B
48%
9 to 5 | Two Doors Down Dolly Parton
48%
Havana Camila Cabello
45%
Take Me Home, Country Roads John Denver
45%
All My Love | Dial Drunk | Stick Season Noah Kahan
45%
Bad at Love | Colors Halsey
43%
Death of a Bachelor | Don't Threaten Me with a Good Time | Emperor's New Clothes | +5 others Panic! at the Disco
43%
The Good, The Bad, and the Dirty Panic! at the DIsco
43%
Car Radio | Heavydirtysoul | Migraine | +2 others Twenty One Pilots
43%
Everywhere | Silver Springs Fleetwood Mac
41%
RIP 2 My Youth | Sweater Weather The Neighbourhood
41%
Teenage Dirtbag Wheatus
41%
Only You Cheat Codes & Little Mix
39%
Reggaeton Lento (Remix) CNCO & Little Mix
39%
End of Beginning Djo
39%
ADIDAS | American Boy | Black Magic | +30 others Little Mix
39%
History | Never Enough | Olivia | +4 others One Direction
39%
Temporary Fix One DIrection
39%
Whenever, Wherever Shakira
39%
The Cure Lady Gaga
36%
National Anthem | Without You Lana Del Rey
36%
Malibu | Younger Now Miley Cyrus
36%
1999 Charli XCX & Troye Sivan
34%
Hard Times | Rose-Colored Boy | Told You So Paramore
34%
Lay It All On Me Rudimental & Ed Sheeran
34%
3 AM (Pull Up) | 360 | Apple | +7 others Charli XCX
32%
I'm the Man Joe Jackson
32%
Cake By The Ocean DNCE
30%
That's So True Gracie Abrams
30%
You Can Call Me Al Paul SImon
30%
A Part of That | Climbing Uphill | I Can Do Better Than That | Still Hurting Anna Kendrick
27%
As If It's Your Last Blackpink
27%
BOOMBAYAH | DDU-DU DDU-DU | PLAYING WITH FIRE | +2 others BLACKPINK
27%
Work From Home | Write On Me Fifth Harmony
27%
Cute Aggression | Forget About Us Perrie
27%
Semi-Charmed Life Third Eye Blind
27%
Heaven is a Place on Earth Belinda Carlisle
25%
Dammit | I Miss You Blink-182
25%
Cynical | Down | Feeling This | Misery blink-182
25%
This Kiss Faith Hill
25%
How Far I'll Go Moana
25%
The Middle Zedd & Maren Morris
25%
Torn Natalie Imbruglia
23%
Slow Hands Niall Horan
23%
Chocolate | Girls | Happiness | +16 others The 1975
23%
Stay the Night Zedd
23%
Stay Zedd & Alessia Cara
23%
Meet Me At Our Spot (Live) THE ANXIETY, WILLOW, & Tyler Cole
20%
All of You | High Society | Some Kinda Wonderful | Somebody Loves You Betty Who
18%
10,000 Emerald Pools | Electric Love | Holy Ghost | Seeing Stars BORNS
18%
So Hot You're Hurting My Feelings | Welcome to My Island Caroline Polachek
18%
Heartbeat | IV. Sweatpants Childish Gambino
18%
The Last of the Real Ones | Wilson (Expensive Mistakes) Fall Out Boy
18%
Invisible Touch Genesis
18%
Waffle House Jonas Brothers
18%
Biscuits | Butterflies | Dime Store Cowgirl Kacey Musgraves
18%
Dancing On My Own Robyn
18%
Kiss Me Sixpence None the Richer
18%
Dance to This | My My My! | YOUTH Troye Sivan
18%
Back to the Shack | California Kids Weezer
18%
Just Can't Get Enough Depeche Mode
16%
Back to Life | Starving Hailee Steinfeld
16%
Learn to Let Go Kesha
16%
Brother Madds Buckley
16%
Here Comes Your Man Pixies
16%
Cloud 9 | Clueless | Entropy | Ms California Beach Bunny
14%
Not Strong Enough boygenius
14%
gossip Confidence Man & JADE
14%
Save Tonight Eagle-Eye Cherry
14%
American Teenager Ethel Cain
14%
Angel of My Dreams | Before You Break My Heart JADE
14%
Breathless | Summer Sunshine The Corrs
14%
Be Your Shadow | Give Me a Try | Greek Tragedy | +9 others The Wombats
14%
ZIPPER BROCKHAMPTON
11%
Let Me Go Hailee Steinfeld & Alesso
11%
Right Now | The Wire | Want You Back HAIM
11%
Closer to Fine Indigo GIrls
11%
Nobody | The Only Heartbreaker Mitski
11%
She's So High Tal Bachman
11%
12 Feet Deep | 2Yl | Au Revoir (Adios) | +17 others The Front Bottoms
11%
LIKEY TWICE
11%
Dirty Laundry | Last Young Renegade All Time Low
9%
Cheerleader | STUPID | Worms Ashnikko
9%
Bowling Alley | Wet Hair Audrey Hobert
9%
Slide Goo Goo Dolls
9%
Curious | Girls Like GIrls Hayley Kiyoko
9%
I Think I'm OKAY mgk, YUNGBLUD, & Travis Barker
9%
Number One Fan | Silk Chiffon MUNA
9%
Too Well Renee Rapp
9%
Dollar Bill Bar | I Could Drive You Crazy | In Dreams | +5 others Sierra Ferrell
9%
December, 1963 (Oh What a Night) The Four Seasons
9%
Somewhere in My Heart Aztec Camera
7%
Funny Little Frog | I'm a Cuckoo | If She Wants Me | +2 others Belle and Sebastian
7%
C'est La Vie BWitched
7%
First Cold War Kids
7%
Ugly Heart GRL
7%
Helpless Hamilton
7%
*Equip Sunglasses* Hot Mulligan
7%
Pynk Janelle Monae
7%
Yeah Boy Kelsea Ballerini
7%
Love You For a Long Time | Shatter Maggie Rogers
7%
Mama Tried Merle Haggard
7%
All You Wanted | Breathe | Everywhere Michelle Branch
7%
No Need for Dreaming | Reflections Misterwives
7%
Pesticides | Sycamore Leaves Moselle
7%
Tombe M Pokora
7%
To Be With You Mr Big
7%
Red Flavor Red Velvet
7%
Irish Eyes Rose Betts
7%
Don't Feel Like Crying Sigrid
7%
Baby Don't You Lie to Me! | Creepin Up the Backstairs | Down the Road and Back... Again... | +8 others The Fratellis
7%
And We Danced The Hooters
7%
Am I Pretty? | Bad Behavior | Diet Soda Society | +5 others The Maine
7%
thoughts i have while lying in bed The Maine & Beach Weather
7%
Dream a Little Dream of Me The Mamas & The Papas
7%
Aquaman Walk the Moon
7%
Slow Dancing | Star Maps | Take Me Aly & AJ
5%
Ordinary Amber Ais
5%
Super America Bad Bad Hats
5%
Renegade Big Red Machine
5%
Almost Bowling for Soup
5%
Lauryn Hill Bryce Vine & Flyana Boss
5%
Shoot Me Buster Moe
5%
Bless My Heart | Dreams Cady Groves
5%
Chillin Like a Villain Descendants 2
5%
W.I.T.C.H. Devon Cole
5%
Looking for the Magic Dwight Twilley Band
5%
Fool Fitz and the Tantrums
5%
Childlike Things FKA Twigs
5%
Moonlight Grace VanderWaal
5%
Wait for Me | Wait for Me (Reprise) Hadestown
5%
Nights and Weekends Hayley Orrantia
5%
Break My Heart Hey Violet
5%
Empire Jukebox the Ghost
5%
Omaha (The Only What If) Katie Lynn Sharbaugh
5%
Bad Self Portraits Lake Street Dive
5%
Your Side of the Bed Loote
5%
Don't Say You Love Me M2M
5%
Contagious Night Riots
5%
Thief Ookay
5%
Mine Phoebe Ryan
5%
Lehigh Valley Renee Christine
5%
Mama Who Bore Me (Reprise) Spring Awakening
5%
Babe Sugarland
5%
April in Houston SWMRS
5%
I TAEYEON
5%
Daphne Blue The Band CAMINO
5%
You've Got Me The Greeting Committee
5%
Love My Way The Psychedelic Furs
5%
Roll Up The Struts
5%
Algorithm & Blues (Over & Over) The Summer Set
5%
Trampoline The Unlikely Candidates
5%
Dizzy | Gloom Boys | I Miss Having Sex But At Least I Don't Wanna Die | +2 others Waterparks
5%
Surrender Cash Cash
2%
No matching quizzes found
Score Distribution
Percent of People with Each Score
Percentile by Number Answered
Your Score History
You have not taken this quiz